Portfolios of the poor : (Record no. 31636)

000 -LEADER
fixed length control field 00636nam a2200169 4500
008 - FIXED-LENGTH DATA ELEMENTS--GENERAL INFORMATION
fixed length control field 230629b |||||||| |||| 00| 0 eng d
020 ## - INTERNATIONAL STANDARD BOOK NUMBER
International Standard Book Number 9780691148199
050 ## - LIBRARY OF CONGRESS CALL NUMBER
Classification number HC 79 .P6P67 2009
100 ## - MAIN ENTRY--PERSONAL NAME
Personal name Collins, Daryl
245 ## - TITLE STATEMENT
Title Portfolios of the poor :
Remainder of title how the world's poor live on $2 a day
Statement of responsibility, etc. Daryl Collins...[et al.].
260 ## - PUBLICATION, DISTRIBUTION, ETC. (IMPRINT)
Place of publication, distribution, etc. New Jersey:
Name of publisher, distributor, etc. Princeton University Press,
Date of publication, distribution, etc. c2009
300 ## - PHYSICAL DESCRIPTION
Extent ix, 283 pages :
Other physical details illustrations ;
Dimensions 24 cm
500 ## - GENERAL NOTE
General note Includes bibliographical refrences and index.
650 ## - SUBJECT ADDED ENTRY--TOPICAL TERM
Topical term or geographic name as entry element Microfinance
650 ## - SUBJECT ADDED ENTRY--TOPICAL TERM
Topical term or geographic name as entry element Home economics
General subdivision Accounting
942 ## - ADDED ENTRY ELEMENTS (KOHA)
Source of classification or shelving scheme
Koha item type Hard Covered Materials
Classification part HC 79 .P6P67 2009
Holdings
Withdrawn status Lost status Source of classification or shelving scheme Damaged status Not for loan Home library Current library Shelving location Date acquired Source of acquisition Cost, normal purchase price Total Checkouts Full call number Barcode Date last seen Price effective from Koha item type
          MACHAKOS UNIVERSITY LIBRARY MACHAKOS UNIVERSITY LIBRARY All Collections 05/06/2023 Donation - Chandaria Foundation 4699.00   HC 79 .P6P67 2009 39426 29/06/2023 29/06/2023 Hard Covered Materials
© Machakos University Library, Along The Highway, Machakos Wote Rd, Machakos, Kenya P.O. Box 136 - 90100 Machakos - Kenya

Tel: ( +254 ) 723 805829 OR Fax : 044-20353 OR Email: library@mksu.ac.ke